01097nam a2200229 a 450000100100000000500170001000800410002702000150006804000250008308200150010824503010012326000530042430000280047749000370050550000210054250400730056359000270063670000300066383000440069395201130073799900170085000004249720201002040207.0131204s1992 fr 000 0 spa d a2711611035 aDO-SdBNPbspacBNPHU annnbA251a00aAequitas, aequalitas, auctoritas :braison théorique et légitimation de l'autorité dans le XVIe siècle européen : [actes du IIe colloque international (1990) du Centre de Recherche en Philosophie Politique et Sociale de l'Université d'Ottawa /csous la direction de Danièle Letocha. aParis :bLibrairie Philosophique J. Vrin,c1992. axviii, 359 p. ;c25 cm.1 aDe Pétrarque à Descartesv54 aIncluye índice aIncluye referencias bibliográficas y notas al pie de las páginas aInventariado, 2019 /LP12aLetocha, Danièle969692 0aDe Pétrarque à Descartesv54969693 001050718MOaGRbGRcHDd2013-12-04iLF1l0onnn A251ap42497-10r2020-06-25w2020-06-25y1ZNo se presta c41986d41986